Musliam Law and Islamic Legal System / (Record no. 12275)
[ view plain ]
| 000 -LEADER | |
|---|---|
| fixed length control field | 00725nam a2200253 a 4500 |
| 001 - CONTROL NUMBER | |
| JCCL Control Number | 12275 |
| 003 - CONTROL NUMBER IDENTIFIER | |
| JCCL marc code | BD-JhCC |
| 005 - DATE AND TIME OF LATEST TRANSACTION | |
| control field | 20210921090708.0 |
| 008 - FIXED-LENGTH DATA ELEMENTS--GENERAL INFORMATION | |
| fixed length control field | 210921b2017 bg |||| ||a| 001 0 eng d |
| 020 ## - INTERNATIONAL STANDARD BOOK NUMBER | |
| International Standard Book Number | 9789848471586 |
| 035 ## - SYSTEM CONTROL NUMBER | |
| system control number | (BD-JhCC)12275 |
| 040 ## - CATALOGING SOURCE | |
| Original cataloging agency | BD-JhCC |
| Modifying agency | BD-JhCC |
| 041 ## - LANGUAGE CODE | |
| Language code of Book | english |
| 082 ## - DEWEY DECIMAL CLASSIFICATION NUMBER | |
| Classification number | 340.59 |
| Author mark and Year | ISL 2017 |
| 100 ## - MAIN ENTRY--PERSONAL NAME | |
| Personal name | Islam, Dr. ABM. Mahbubul |
| 245 ## - TITLE STATEMENT | |
| Title | Musliam Law and Islamic Legal System / |
| Statement of responsibility, etc | Dr. ABM. Mahbubul Islam, Dr. Md. Abdur Rahim Mia. |
| 260 ## - PUBLICATION, DISTRIBUTION, ETC. (IMPRINT) | |
| Place of publication, distribution, etc | Dhaka: |
| Name of publisher, distributor, etc | Bangladesh Institute of islamic thoght(BIIT); |
| Date of publication, distribution, etc | 2017. |
| 300 ## - PHYSICAL DESCRIPTION | |
| Pagination | 555 p. : |
| Dimensions | 24 cm. |
| 490 ## - SERIES STATEMENT | |
| Series statement | Law Series-02 |
| 650 ## - SUBJECT ADDED ENTRY--TOPICAL TERM | |
| Topical term or geographic name as entry element | Muslim Law |
| 700 ## - ADDED ENTRY--PERSONAL NAME | |
| Personal name | Mia, Dr. Md. Abdur Rahim |
| 942 ## - ADDED ENTRY ELEMENTS (KOHA) | |
| Source of classification or shelving scheme | Dewey Decimal Classification |
| Koha item type | Books |
| Source of classification or shelving scheme | Damaged status | Not for loan | Home library | Current library | Shelving location | Cost, normal purchase price | Total Checkouts | Full call number | Barcode | Date last seen | Date checked out | Copy number | Koha item type |
|---|---|---|---|---|---|---|---|---|---|---|---|---|---|
| Dewey Decimal Classification | JCC Rouf Library | JCC Rouf Library | General Stacks | 270.00 | 1 | 340.59 ISL 2017 | 16965 | 02/05/2023 | 01/31/2023 | C-1 | Books |